000 00563nam a2200205Ia 4500
005 20260620113645.0
008 131103s9999 xx 000 0 und d
040 _aLoreto College
041 _aEnglish
082 _a230
_bGRO
100 _aGrossouw, william
245 _aIn christ
_cWilliam Grossouw; edited & translated by Martin W Schoenberg
260 _aLondon
_bGeoffrey Chapman
_c1960
300 _a138p.
440 _aa sketch of the theology of St. Paul
504 _aIncludes index
650 _aChristianity
850 _aLCLIB
942 _cBK
999 _c24594
_d75073